| 000 | 00950aam a2200325 i 4500 | ||
|---|---|---|---|
| 001 | 768714001 | ||
| 003 | CO-MdFUSB | ||
| 005 | 20250520120554.0 | ||
| 007 | ta | ||
| 008 | 250520b |||||||| |||| 00| 0 eng d | ||
| 020 | _a1-56063-474-X | ||
| 040 | _cCO-MdFUSB | ||
| 041 | 0 |
_aspa _heng |
|
| 082 | 0 | 4 |
_223 _a248.4 _bB8553p |
| 100 | 1 |
_aBright, Bill _eautor |
|
| 240 | _aFive steps of christian growth : Leader's guide | ||
| 245 | 1 | 0 |
_a5 pasos del crecimiento cristiano : _bguía del líder _c/ Bill Bright ; traducido por Ladislao Leiva |
| 250 | _aprimera edición | ||
| 264 | 1 |
_bUnilit, _aMiami, FL. : _c[1996] |
|
| 264 | 4 | _c©1996 | |
| 300 | _a111 páginas | ||
| 336 |
_atexto _btxt _2rdacontent |
||
| 337 |
_2rdamedia _asin mediación _bn |
||
| 338 |
_2rdacarrier _avolumen _bnc |
||
| 563 | _aRústico | ||
| 650 | 0 |
_aVida cristiana _919 |
|
| 700 |
_aLeiva, Ladislao, _911537 _etraductor |
||
| 942 | _cBK | ||
| 945 | _aJTF-925 | ||
| 999 |
_c42910 _d42910 |
||